Variance algorithm for minimization /
Guardado en:
| Autor Principal: | |
|---|---|
| Autor Corporativo: | |
| Formato: | Libro |
| Idioma: | English |
| Publicado: |
Århus :
Aarhus Universitet, Matematisk Institut,
1967.
|
| Materias: | |
| Etiquetas: |
Agregar Etiqueta
Sin Etiquetas, Sea el primero en etiquetar este registro!
|
| LEADER | 00826nam a22002531a 4500 | ||
|---|---|---|---|
| 001 | MAT.inmabb005612 | ||
| 008 | 710709s1967####dk#######b####000#0#eng## | ||
| 005 | 20170822144115.0 | ||
| 245 | 1 | 0 | |a Variance algorithm for minimization / |c [by] William C. Davidon. |
| 260 | |a Århus : |b Aarhus Universitet, Matematisk Institut, |c 1967. | ||
| 300 | |a 18 h. ; |c 30 cm. | ||
| 500 | |a Cover title. | ||
| 504 | |a Bibliografía: leaf 18. | ||
| 510 | 4 | |a MR, |c 36 #4790 | |
| 100 | 1 | |a Davidon, William C. | |
| 710 | 1 | |a Aarhus, Denmark. |b Universitet. |b Matematisk institut. | |
| 650 | 0 | |a Iterative methods (Mathematics) | |
| 650 | 0 | |a Functions of real variables. | |
| 650 | 0 | |a Algorithms. | |
| 650 | 0 | |a Mathematical optimization. | |
| 084 | |a 65.30 |2 MR | ||
| 010 | |a 68143775 | ||
| 040 | |a DLC |c DLC |d DLC | ||
| 859 | |h 65 |i D249 |p A-2276 |b BIB. MATEMATICA | ||
